000 00444nam a22001577a 4500
003 OSt
005 20151101151206.0
008 151101b xxu||||| |||| 00| 0 eng d
040 _cRUA
082 _aFOR សួ 1991 B116 Or.1
100 _93151
_aសួ ហៃ
245 _aនីហរណកម្មឈើមូលនៅរដ្ឋកម្ពុជា
260 _aPhnom Penh
_bRUA
_c1991
300 _a70p.
_bill.
_c29cm.
942 _2ddc
_cFOR
999 _c2939
_d2939